000 00220nam a22001097a 4500
020 _a978-935064-123-1
082 _a474
_bWIL/G
245 _aGURU NANAK
260 _aMUMBAI
_bWILCO
650 _aSTORY
_zMUMBAI
942 _cBK
999 _c6989
_d6989